Statistiken für Fußknochen

Klicken Sie hier um das Quiz zu spielen!

Allgemein

  • Dieses Quiz wurde 8 mal gespielt
  • Das Durchschnittsergebnis liegt bei 6 aus 23

Antwortstatistiken

lateindeutsch% Korrekt
CalcaneusFersenbein
67%
Os naviculareKahnbein
67%
Os cuneiforme lateraleäußeres Keilbein
33%
Tuber calcanelFersenbeinhöcker
33%
Os cuneiforme medialeinneres Keilbein
33%
Os cuneiforme intermediummittleres Keilbein
33%
Basis taliSprungbeinbasis
33%
Collum taliSprungbeinhals
33%
Caput taliSprungbeinkopf
33%
Os cuboideumWürfelbein
33%
Basis Os metastarsi I-VMittelfußknochen Basis I-V
17%
Caput Os metatarsi I-VMittelfußknochen Kopf I-V
17%
Corpus Os metastarsi I-VMittelfußknochen Körper I-V
17%
Phalanx distales I-VZehenendglied I-V
17%
Basis phalanx proximalis I-VZehengrundglied Basis I-V
17%
Phalanx proximalis I-VZehengrundglied I-V
17%
Caput phalanx proximalis I-VZehengrundglied Kopf I-V
17%
Corpus phalanx proximalis I-VZehengrundglied Körper I-V
17%
Phalanx media II-VZehenmittelglied II-V
17%
Sustentaculum taliFersenbeinbalkon | Knochenvorsprung für das Sprungbein
0%
Tuber ositas ossis metastarsi VMittelfußknochen Rauhigkeit V
0%
Ossa sesamoideaSesambeinchen
0%
Phalanx distalis I-VZehenglied I-V
0%

Verteilung der Resultate

Perzentil nach korrekt beantworteten Fragen

Anzahl Personen mit jedem Resultat

Ihre Resultats-Entwicklung

Sie haben dieses Quiz noch nicht gespielt